000 00768nam a2200253Ia 4500
003 OSt
005 20220918220648.0
006 a|||||r|||| 00| 0
007 ta
008 220917b |||||||| |||| 00| 0 eng d
024 _a146,702
037 _cTextual
040 _aARTS
_cARTS
_beng
041 _2eng
_aeng
082 _aY49(J)k25, M9(RR/FAL)
100 _aCrooke William
_9138030
245 0 _aGlossary of North Indian peasant life edited by Shahid Amin
260 _aOxford
_bOxford University Press
_c1989
300 _a1iv, 290p.
_ccm.
500 _aBibliography p218-220; Appendix p174-217; Includes Index
650 _aSOCIOLOGY
942 _hY49(J)k25, M9(RR/FAL)
_cTEXL
_2CC
999 _c269458
_d269458